005560000a22001930004500020001500000060000800015082001800023100001800041100001500059100001500074245004000089260002500129260000900154300000800163650004300171942000700214999001900221952012200240 a0946707081 a100 a589.204 2 FLE aFletcher, J T aGazen, R H aWhite, P F aMushrooms:Pest and diseases Control aPonteland, Intercept c1986 a156 aMushrooms/ edible Diseases and pests / cBK c366840d366840 00104070aKAUCOAVbKAUCOAVd2014-05-02g0.00l0o589.204 2 FLEpKAU_COAV-22319r2014-05-02 00:00:00w2014-05-02yBK